History of Economic Thought (Record no. 10803)

MARC details
000 -LEADER
fixed length control field 00338nam a2200133Ia 4500
008 - FIXED-LENGTH DATA ELEMENTS--GENERAL INFORMATION
fixed length control field 191201s2011 xx 000 0 und d
082 ## - DEWEY DECIMAL CLASSIFICATION NUMBER
Classification number 330.1
Item number HAH
100 ## - MAIN ENTRY--PERSONAL NAME
Personal name HAJELA, T.N.
245 #0 - TITLE STATEMENT
Title History of Economic Thought
260 ## - PUBLICATION, DISTRIBUTION, ETC. (IMPRINT)
Place of publication, distribution, etc New Delhi
Name of publisher, distributor, etc Ane Books Pvt. Ltd.
Date of publication, distribution, etc 2020
300 ## - PHYSICAL DESCRIPTION
Extent 1017
650 ## - SUBJECT ADDED ENTRY--TOPICAL TERM
Topical term or geographic name as entry element BA Economics
942 ## - ADDED ENTRY ELEMENTS (KOHA)
Source of classification or shelving scheme Dewey Decimal Classification
Koha item type Text Books
942 ## - ADDED ENTRY ELEMENTS (KOHA)
-- 3
Holdings
Withdrawn status Lost status Source of classification or shelving scheme Damaged status Not for loan Collection code Home library Current library Date acquired Source of acquisition Currency Cost, normal purchase price Bill Number Total Checkouts Full call number Acc. no. / Barcode Date last seen Actual Cost, discounted price Bill Date Koha item type Date last borrowed
    Dewey Decimal Classification     B.A Economics PIET NCR College Library PIET NCR College Library 20/07/2021 Kirti Prakashan IN Rupees 995.00 IN2280   330.1 HAH N1664 06/08/2021 646.75 20/07/2021 Text Books  
    Dewey Decimal Classification     B.A Economics PIET NCR College Library PIET NCR College Library 20/07/2021 Kirti Prakashan IN Rupees 995.00 IN2280 1 330.1 HAH N1665 17/11/2023 646.75 20/07/2021 Text Books 02/11/2023
    Dewey Decimal Classification     B.A Economics PIET NCR College Library PIET NCR College Library 20/07/2021 Kirti Prakashan IN Rupees 995.00 IN2280   330.1 HAH N1666 06/08/2021 646.75 20/07/2021 Reference Books  
    Dewey Decimal Classification     B.A Economics PIET NCR College Library PIET NCR College Library 20/07/2021 Kirti Prakashan IN Rupees 995.00 IN2280 4 330.1 HAH N1667 21/11/2023 646.75 20/07/2021 Text Books 09/11/2023
    Dewey Decimal Classification     B.A Economics PIET NCR College Library PIET NCR College Library 20/07/2021 Kirti Prakashan IN Rupees 995.00 IN2280   330.1 HAH N1668 06/08/2021 646.75 20/07/2021 Text Books  

Design & Developed by: PIET Central Library
R70 Miles Stone Pattikalyana Samalkha Panipat 132102
mail ID :- [email protected], Phone No:- 0180-2569700 Ex.216